Mua sắm thiết bị và xây dựng hệ thống mạng CNTT tại cơ sở nông nghiệp & phát triển nông thôn tỉnh Cần Thơ năm 2002 : Báo cáo khoa học

Đề tài nghiên cứu xây dựng hệ thống mạng LAN tại trụ sở đơn vị, phương pháp thiết kế, công cụ thiết kế, mô tả hệ thống cáp mạng. Với nguồn kinh phí có giới hạn thì việc xây dựng một mạng cục bộ tại cơ quan không phãi là đơn giản. T...

全面介紹

Đã lưu trong:
書目詳細資料
主要作者: Trần, Ngọc Nguyên
格式: 圖書
語言:Undetermined
出版: Cần Thơ Trường Đại học Cần Thơ 2004
主題:
標簽: 添加標簽
沒有標簽, 成為第一個標記此記錄!
Thư viện lưu trữ: Trung tâm Học liệu Trường Đại học Cần Thơ
LEADER 01492nam a2200205Ia 4500
001 CTU_102682
008 210402s9999 xx 000 0 und d
082 |a 681.763 
082 |b Ng527 
100 |a Trần, Ngọc Nguyên 
245 0 |a Mua sắm thiết bị và xây dựng hệ thống mạng CNTT tại cơ sở nông nghiệp & phát triển nông thôn tỉnh Cần Thơ năm 2002 : 
245 0 |b Báo cáo khoa học 
245 0 |c Trần Ngọc Nguyên (Chủ nhiệm đề tài) 
260 |a Cần Thơ 
260 |b Trường Đại học Cần Thơ 
260 |c 2004 
520 |a Đề tài nghiên cứu xây dựng hệ thống mạng LAN tại trụ sở đơn vị, phương pháp thiết kế, công cụ thiết kế, mô tả hệ thống cáp mạng. Với nguồn kinh phí có giới hạn thì việc xây dựng một mạng cục bộ tại cơ quan không phãi là đơn giản. Từ những tính toán chi tiết, tỉ mỉ Ban chủ nhiệm dự án đã chỉ đạo xây dựng từng phần và kết quả đạt được là hệ thống mạng cục bộ tại đoen vị đã hình thành, nó là nền tảng cơ bản để hoàn chỉnh hệ thống về sau. 
650 |a Agriculture,Nông nghiệp 
904 |i Tuyến 
980 |a Trung tâm Học liệu Trường Đại học Cần Thơ